000 00749cam a22002417a 4500
003 MX-MxUPN
005 20260423143047.0
008 260320s2011 mx| |||br|||| 000 0 spa d
020 _a9786074696660
040 _aMX-MxUPN
_bspa
041 0 _aspa
050 4 _aLB1584 M6
_bD32 2011
100 1 _aDelgado, Ana Laura
_959338
100 1 _aGonzález, Margarita
_959343
245 1 0 _aConoce nuestra constitución
250 _aTercera edición
260 _aMéxico :
_bSecretarìa de Educación Pública,
_c2011
300 _a62 páginas :
_bilustraciones a color
610 1 2 _aMéxico.
_tConstitución política (1917)
_927956
902 _aMarisolLicea/20032026
_bVìctorGodìnez/230426
942 _2lcc
_cLIBRO
999 _c214826
_d214826